[Event "Pan American-ch U20"]
[Site "Vila Santa Cecilia"]
[Date "2023.11.11"]
[Round "9.15"]
[White "Cahuapaza Tarapaca, Leonardo"]
[Black "Reyes Zavaleta, Sergio Gabriel"]
[Result "1-0"]
[WhiteElo "1818"]
[BlackElo "1287"]
[PlyCount "73"]
[EventDate "2023.11.06"]
[EventType "swiss"]
[EventRounds "9"]
[EventCountry "BRA"]
[SourceTitle "CB46_2023"]
[SourceDate "2023.11.15"]
[SourceVersion "1"]
[SourceVersionDate "2023.11.15"]
[SourceQuality "1"]

1. d4 d5 2. Bf4 Nf6 3. e3 Bf5 4. c4 c6 5. Nc3 e6 6. Qb3 Qc8 7. h3 Nbd7 8. Nf3 Ne4 9. Rc1 Nxc3 10. bxc3 a5 11. a4 Be7 12. Be2 0-0 13. 0-0 b6 14. cxd5 exd5 15. c4 dxc4 16. Bxc4 Qb7 17. Rfe1 Bb4 18. Re2 Nf6 19. Ne5 b5 20. Bd3 Be6 21. Qb1 bxa4 22. Nxc6 Bd5 23. Rec2 Bxc6 24. Rxc6 Rac8 25. Rc7 Rxc7 26. Rxc7 Qb6 27. Qa2 Bd6 28. Bxd6 Qxd6 29. Rc5 Rb8 30. Qxa4 Qe6 31. Rxa5 Qc8 32. Rc5 Qd8 33. e4 Ra8 34. Qc4 Ra1+ 35. Kh2 Ra8 36. g3 g6 37. Rc7 1-0

[Event "Pan American-ch School U17 12th"]
[Site "Callao"]
[Date "2023.10.19"]
[Round "7"]
[White "Cabrera Quispe, Piero Andre"]
[Black "Cahuapaza Tarapaca, Leonardo"]
[Result "0-1"]
[WhiteElo "1712"]
[BlackElo "1685"]
[PlyCount "120"]
[EventDate "2023.10.16"]
[EventType "swiss"]
[EventRounds "9"]
[EventCountry "PER"]
[SourceTitle "Mega2024 Update 01"]
[Source "Chessbase"]
[SourceDate "2023.11.12"]
[SourceVersion "1"]
[SourceVersionDate "2023.11.12"]
[SourceQuality "1"]

1. d4 e6 2. c4 d5 3. Nc3 Nf6 4. Nf3 Be7 5. h3 0-0 6. Bf4 a6 7. e3 dxc4 8. Bxc4 b5 9. Bd3 Bb7 10. 0-0 Nbd7 11. Ng5 h6 12. Nge4 c5 13. Rc1 c4 14. Nxf6+ Nxf6 15. Be2 Rc8 16. Bf3 Nd5 17. Nxd5 exd5 18. Qd2 a5 19. Bg4 f5 20. Bd1 Qb6 21. g4 Rc6 22. Kh1 Bd6 23. Bxd6 Rxd6 24. gxf5 Bc8 25. Rg1 Bxf5 26. Bg4 Be4+ 27. f3 Bh7 28. Rg3 Rf7 29. Rcg1 Re7 30. Qg2 Qc7 31. f4 Kh8 32. Bf3 Qb7 33. Qf2 Rdd7 34. Bg4 Rd6 35. Bh5 b4 36. f5 Qd7 37. Rf3 Rf6 38. Bg6 Qd6 39. Qh4 Bxg6 40. Rxg6 Ref7 41. Rxf6 Rxf6 42. e4 dxe4 43. Qxe4 Kh7 44. Qe5 Qc6 45. d5 Qa4 46. Rg3 Qd1+ 47. Kh2 Qc2+ 48. Rg2 Qxf5 49. Qe7 Qf4+ 50. Kh1 Qf1+ 51. Kh2 Qf4+ 52. Kh1 Qf1+ 53. Kh2 Qf4+ 54. Kh1 Rf7 55. Qe6 Qf5 56. Qxf5+ Rxf5 57. Rd2 c3 58. bxc3 bxc3 59. Rd1 Rf2 60. Rc1 c2 0-1

[Event "Pan American-ch School U17 12th"]
[Site "Callao"]
[Date "2023.10.18"]
[Round "5"]
[White "Garay Ramirez, Estefano Javier"]
[Black "Cahuapaza Tarapaca, Leonardo"]
[Result "1/2-1/2"]
[WhiteElo "1667"]
[BlackElo "1685"]
[PlyCount "71"]
[EventDate "2023.10.16"]
[EventType "swiss"]
[EventRounds "9"]
[EventCountry "PER"]
[SourceTitle "Mega2024 Update 01"]
[Source "Chessbase"]
[SourceDate "2023.11.12"]
[SourceVersion "1"]
[SourceVersionDate "2023.11.12"]
[SourceQuality "1"]

1. d4 c6 2. c4 d5 3. Nc3 Nf6 4. cxd5 cxd5 5. Bf4 e6 6. e3 Bd6 7. Bxd6 Qxd6 8. Bd3 0-0 9. f4 b6 10. Nf3 Ba6 11. 0-0 Bxd3 12. Qxd3 Nc6 13. a3 Rac8 14. Rfc1 Qe7 15. b4 Ne8 16. Rc2 Nd6 17. Nd2 Qb7 18. Rac1 Ne7 19. b5 Qd7 20. a4 Nb7 21. Na2 Na5 22. Nb4 Rxc2 23. Rxc2 Rc8 24. Nb3 Rxc2 25. Qxc2 Nxb3 26. Qxb3 Qc7 27. Qc2 Qxc2 28. Nxc2 Kf8 29. Kf2 Ke8 30. Ke2 h5 31. h3 Kd7 32. g4 hxg4 33. hxg4 f6 34. Kd3 Kc7 35. Nb4 Kd6 36. Kc3 1/2-1/2

[Event "Pan American-ch School U17 12th"]
[Site "Callao"]
[Date "2023.10.17"]
[Round "3"]
[White "Cahuapaza Tarapaca, Leonardo"]
[Black "Chilan Villa, Andres Jesus"]
[Result "1-0"]
[WhiteElo "1685"]
[BlackElo "1835"]
[PlyCount "119"]
[EventDate "2023.10.16"]
[EventType "swiss"]
[EventRounds "9"]
[EventCountry "PER"]
[SourceTitle "Mega2024 Update 01"]
[Source "Chessbase"]
[SourceDate "2023.11.12"]
[SourceVersion "1"]
[SourceVersionDate "2023.11.12"]
[SourceQuality "1"]

1. d4 Nf6 2. Bf4 g6 3. Nc3 d5 4. e3 Bg7 5. h4 0-0 6. h5 c5 7. hxg6 hxg6 8. Be2 Nc6 9. Nf3 Ne4 10. Na4 cxd4 11. exd4 Qa5+ 12. c3 b5 13. Nc5 b4 14. Nb3 Qb6 15. Qc1 Re8 16. Bh6 Bf6 17. Be3 bxc3 18. bxc3 Ba6 19. Nfd2 Bxe2 20. Nxe4 dxe4 21. Kxe2 Rac8 22. Nc5 Qb5+ 23. Ke1 Red8 24. Nxe4 Bg7 25. Qd2 Qd5 26. Rh4 Qa5 27. Bh6 Nxd4 28. cxd4 Qxd2+ 29. Nxd2 Bxd4 30. Rd1 Rc2 31. Ne4 Rc4 32. Kf1 f5 33. Ng5 e5 34. Ne6 Rd6 35. Nxd4 exd4 36. Rh3 Ra4 37. a3 Kf7 38. Rhd3 Ke6 39. Bf8 Rd5 40. Bg7 Rda5 41. Bf8 Rd5 42. f4 Kf7 43. Bb4 a5 44. Be1 Ke6 45. Bf2 Rd7 46. Bxd4 Rb7 47. Be5 Ke7 48. Rc3 Kf7 49. Kf2 g5 50. Kf3 Kg6 51. Rd6+ Kh5 52. fxg5 Kxg5 53. Rd4 Rxd4 54. Bxd4 Rb1 55. Be3+ Kg6 56. Rc6+ Kg7 57. Ra6 Rb5 58. a4 Rb4 59. Re6 Kf7 60. Re5 1-0